Ibáñez: semblanza de un mandatario y croquis de una jornada en la política chilena

Na minha lista:
Detalhes bibliográficos
Autor principal: Olivares, René (Author)
Formato: Livro
Idioma:espanhol
Publicado em: Santiago De Mi Propia Editorial 1937
Assuntos:
Tags: Adicionar Tag
Sem tags, seja o primeiro a adicionar uma tag!

MARC

LEADER 00000nam a2200000 a 4500
001 UCP7970
003 CL-VaPUC
008 000106e19370000CL |||||||||||||||||spa|d
082 0 4 |a 923.1  |b OLI  |2 21 
100 0 |a Olivares, René  |e author  |9 437734 
245 1 0 |a Ibáñez: semblanza de un mandatario y croquis de una jornada en la política chilena 
300 |a 78 p 
942 |c BK 
945 |d 20000106 00:00:00  |a rherrera 
260 |a Santiago  |b De Mi Propia Editorial  |c 1937 
600 0 |a Ibáñez del Campo, Carlos  |9 308285 
650 0 |a Biografías  |9 255210 
650 0 |a Presidentes  |9 255176 
650 0 |a Jefes de estado  |9 368246 
650 0 |a Gobierno   |9 255508 
650 0 |a Personalidad   |9 307255 
651 7 |a CHILE  |2 CL-VaPUC  |9 437735 
583 |a last modification  |c 20000106 00:00:00  |k Rodrigo Vera 
999 |c 285007  |d 285005 
952 |0 0  |1 0  |4 0  |6 923_100000000000000_OLI_1937  |7 0  |8 X  |9 329350  |a BIBHIS  |b BIBHIS  |d 2019-11-20  |i 1376969  |o 923.1 OLI 1937  |p 1376969  |r 2024-01-30  |w 2019-11-20  |y BK_X  |k HIS